El laberinto de la soledad
Guardat en:
| Autor principal: | |
|---|---|
| Format: | Llibre |
| Idioma: | espanyol |
| Publicat: |
Ciudad de México
Fondo de Cultura Económica
1972
|
| Col·lecció: | Colección popular, 107
|
| Matèries: | |
| Etiquetes: |
Afegir etiqueta
Sense etiquetes, Sigues el primer a etiquetar aquest registre!
|
MARC
| LEADER | 00000nam a2200000 a 4500 | ||
|---|---|---|---|
| 001 | UCX0441 | ||
| 003 | CL-VaPUC | ||
| 008 | 891018e19720000MX |||||||||||||||||spa|d | ||
| 082 | 0 | 4 | |a Me864 |b PAZ |2 21 |
| 100 | |a Paz, Octavio |e autor |9 321638 | ||
| 245 | 1 | 3 | |a El laberinto de la soledad |
| 300 | |a 191 p | ||
| 942 | |c BK | ||
| 945 | |d 19891018 00:00:00 |a rbrito | ||
| 260 | |a Ciudad de México |b Fondo de Cultura Económica |c 1972 | ||
| 650 | 0 | |a Literatura mexicana |9 313097 | |
| 650 | 7 | |a ENSAYOS, CONFERENCIAS ETC |2 CL-VaPUC |9 269130 | |
| 650 | 7 | |a ENSAYOS MEXICANOS |2 CL-VaPUC |9 315571 | |
| 650 | 7 | |a CARACTERISTICAS NACIONALES |2 CL-VaPUC |9 258185 | |
| 650 | 0 | |a Historia |9 255047 | |
| 651 | 0 | |a México |9 255269 | |
| 583 | |a last modification |c 19891018 00:00:00 |k Rodrigo Vera | ||
| 490 | 0 | |a Colección popular, 107 | |
| 999 | |c 222043 |d 222041 | ||
| 952 | |0 0 |1 0 |4 0 |6 ME_864_000000000000000_PAZ_1972 |7 0 |8 A |9 216219 |a BIBEDU |b BIBEDU |d 2019-11-15 |i 2848201 |l 1 |m 1 |o Me864 PAZ 1972 |p 2848201 |r 2023-05-23 |s 2023-04-03 |w 2019-11-15 |y BK |k LIT | ||
| 952 | |0 0 |1 0 |4 0 |6 ME_864_000000000000000_PAZ_1972 |7 0 |8 A |9 216220 |a BIBEDU |b BIBEDU |d 2019-11-15 |i 3053296 |o Me864 PAZ 1972 |p 3053296 |r 2019-11-15 |w 2019-11-15 |y BK |k LIT | ||